Bekannte Persönlichkeiten aus Mecklenburg-Vorpommern - Statistiken

Allgemein
  • Dieses Quiz wurde 82 mal gespielt
  • Das Durchschnittsergebnis liegt bei 6 aus 20
Antwortstatistiken
Geburtsjahr Geburtsort Hinweis Person % Korrekt
1940 Rostock Von 2012 bis 2017 Bundespräsident Joachim Gauck
79%
1973 Rostock Radrennfahrer, 1997 bisher erster und einziger deutscher Tour-de-France-Sieger Jan Ullrich
64%
1990 Greifswald Fußballspieler, Weltmeister 2014, 4-facher Champions-League-Sieger Toni Kroos
63%
1982 Rostock Rapper ("Lila Wolken"), auch bekannt als Marsimoto Marteria
51%
1774 Greifswald Maler, bedeutendster Künstler der deutschen Frühromantik Caspar David Friedrich
50%
1822 Neubukow Archäologe, fand die Ruinen von Troja Heinrich Schliemann
46%
1848 Anklam Luftfahrtpionier, erfand das erste bemannte Gleitflugzeug Otto Lilienthal
39%
1742 Rostock preußischer Generalfeldmarschall, besiegte Napoleon bei Waterloo Gebhard Leberecht von Blücher
24%
1893 Greifswald Schriftsteller ("Kleiner Mann – was nun?", "Jeder stirbt für sich allein") Hans Fallada
23%
1972 Neustrelitz Schauspieler, "Polizeiruf 110" (Rostock) Charly Hübner
20%
1969 Neubrandenburg Leichtathletin, Doppelweltmeisterin im Sprint und Weltsportlerin des Jahres 1991 Katrin Krabbe
20%
1952 Ludwigslust Moderator bei der "Sendung mit der Maus" Christoph Biemann
16%
1973 Bergen auf Rügen Schauspieler, Tatort-Kommissar Stellbrink (Saarbrücken) Devid Striesow
14%
1986 Wolgast Sängerin von Jennifer Rostock Jennifer Weist
14%
1951 Wismar ehemaliger Fußballspieler, Rekordnationalspieler und -torschütze der DDR Joachim Streich
14%
1979 Güstrow Fernsehmoderatorin (u.a. Sportschau, Mittagsmagazin) Jessy Wellmer
10%
1929 Rostock Schriftsteller ("Deutsche Chronik", "Das Echolot") Walter Kempowski
9%
1964 Rostock Schauspielerin (u.a. "GZSZ", "Unser Charly") Saskia Valencia
4%
1847 Schwerin Schauspielerin, "letzte Heroine des deutschen Theaters" Franziska Ellmenreich
3%
1979 Teterow "Retter von Utøya", rettete bei den Anschlägen in Norwegen 2011 über 20 Menschen das Leben Marcel Gleffe
3%
Keine übereinstimmenden Quizze gefunden
Verteilung der Resultate
Anzahl Personen mit jedem Resultat
Perzentil nach korrekt beantworteten Fragen
Ihre Resultats-Entwicklung
Sie haben dieses Quiz noch nicht gespielt